[Event "4NCL Division Two"]
[Site "Daventry, ENG"]
[Date "2023.03.18"]
[Round "7.42"]
[White "Oswald, Graeme"]
[Black "Zakarian, David"]
[Result "0-1"]
[WhiteElo "2226"]
[BlackElo "2299"]
[PlyCount "56"]
[EventDate "2023.03.18"]
[WhiteTeam "North East England"]
[BlackTeam "Oxford 1"]

1. e4 c5 2. Nf3 e6 3. d4 cxd4 4. Nxd4 a6 5. Bd3 Qc7 6. O-O Nf6 7. Nc3 Nc6 8.
Be3 Nxd4 9. Bxd4 Bd6 10. h3 b5 11. Qe2 e5 12. Be3 h6 13. Rad1 Bc5 14. Qf3 Be7
15. Qg3 g5 16. h4 Bb7 17. hxg5 hxg5 18. Bxg5 O-O-O 19. Qf3 Ng8 20. Be3 f5 21.
Qxf5 Rf8 22. Qg6 Nf6 23. Nd5 Bxd5 24. exd5 e4 25. g3 Rfg8 26. Bxe4 Rxg6 27.
Bxg6 Rg8 28. Bf5 Qe5 0-1

[Event "4NCL Division Two"]
[Site "Daventry, ENG"]
[Date "2023.03.18"]
[Round "7.43"]
[White "Powierski, Emil"]
[Black "Henderson, David"]
[Result "1/2-1/2"]
[WhiteElo "2290"]
[BlackElo "2152"]
[PlyCount "97"]
[EventDate "2023.03.18"]
[WhiteTeam "Oxford 1"]
[BlackTeam "North East England"]

1. e4 e5 2. Nf3 Nc6 3. Bb5 a6 4. Ba4 Nf6 5. O-O Be7 6. d3 b5 7. Bb3 d6 8. a3
O-O 9. Nc3 Be6 10. Nd5 h6 11. Be3 Re8 12. a4 Na5 13. Nxf6+ Bxf6 14. Bxe6 fxe6
15. b4 Nc6 16. c3 Qd7 17. Qb3 Rab8 18. axb5 axb5 19. Ra6 Ra8 20. Qa2 Rxa6 21.
Qxa6 Rb8 22. Rc1 Ne7 23. Ra1 Qc6 24. Qxc6 Nxc6 25. Ra6 Nd8 26. g4 Kf7 27. h4
Be7 28. Kg2 Ke8 29. Kg3 Kd7 30. g5 h5 31. d4 exd4 32. Nxd4 c5 33. Ra7+ Ke8 34.
Nb3 cxb4 35. cxb4 Nc6 36. Rc7 Nxb4 37. Nd4 g6 38. Bd2 Na6 39. Ra7 Nc5 40. Nc6
Rb7 41. Rxb7 Nxb7 42. Nd4 Nc5 43. Kf3 Kf7 44. Nxb5 d5 45. exd5 exd5 46. Nc7 Nb3
47. Bf4 Nd4+ 48. Kg2 Nf5 49. Nxd5 1/2-1/2

[Event "4NCL Division Two"]
[Site "Daventry, ENG"]
[Date "2023.03.18"]
[Round "7.44"]
[White "Coathup, Roger H"]
[Black "Anand, Batsukh"]
[Result "0-1"]
[WhiteElo "2145"]
[BlackElo "2186"]
[PlyCount "106"]
[EventDate "2023.03.18"]
[WhiteTeam "North East England"]
[BlackTeam "Oxford 1"]

1. d4 Nf6 2. c4 g6 3. Nc3 Bg7 4. e4 d6 5. Be2 O-O 6. Bg5 c5 7. d5 e6 8. Qd2
exd5 9. exd5 Qb6 10. Nf3 Bf5 11. Rc1 Ne4 12. Nxe4 Bxe4 13. b3 a5 14. Bh6 Qb4
15. Bxg7 Kxg7 16. Rc3 Bxf3 17. Bxf3 Re8+ 18. Kd1 Nd7 19. Re1 Rxe1+ 20. Kxe1 a4
21. Bd1 axb3 22. axb3 Re8+ 23. Kf1 b5 24. g3 bxc4 25. bxc4 Re4 26. Qc1 Ne5 27.
Be2 Qa4 28. f4 Nd7 29. Qb2 Nf6 30. Qc2 Qa1+ 31. Qc1 Qa6 32. Bf3 Rd4 33. Rc2
Nxd5 34. Bxd5 Rxd5 35. Kf2 Rd4 36. Qb2 Qc6 37. Rc1 Qe4 38. Qe2 Qxe2+ 39. Kxe2
Kf6 40. Ke3 h5 41. h3 Kf5 42. Rc2 f6 43. Rc1 g5 44. fxg5 fxg5 45. Rc2 Ke6 46.
Rc1 Ke5 47. Rc2 Rd1 48. Ke2 Rh1 49. Kf3 Rxh3 50. Kg2 g4 51. Re2+ Kd4 52. Rd2+
Kxc4 53. Rxd6 h4 0-1

[Event "4NCL Division Two"]
[Site "Daventry, ENG"]
[Date "2023.03.18"]
[Round "7.45"]
[White "Manley, Jon P"]
[Black "Longson, Sarah N"]
[Result "1-0"]
[WhiteElo "2171"]
[BlackElo "2169"]
[PlyCount "85"]
[EventDate "2023.03.18"]
[WhiteTeam "Oxford 1"]
[BlackTeam "North East England"]

1. e4 e5 2. Nf3 Nc6 3. Nc3 Nf6 4. Bb5 Bb4 5. O-O O-O 6. d3 Bxc3 7. bxc3 d6 8.
Bg5 Qe7 9. Re1 a6 10. Ba4 Nd8 11. Bb3 Ne6 12. Bh4 c5 13. d4 Nf4 14. Qc1 Bg4 15.
Qe3 Rac8 16. dxe5 dxe5 17. Bd5 b5 18. a4 b4 19. a5 h6 20. Bc4 Rc6 21. Bd5 Rcc8
22. c4 g5 23. Bg3 Qc7 24. c3 Rb8 25. Nd2 bxc3 26. Qxc3 Rb4 27. f3 Bd7 28. Bf2
Ba4 29. Kf1 Nd7 30. Ra3 Nxd5 31. exd5 Qxa5 32. Rea1 Nb6 33. Nb3 Nxd5 34. Nxa5
Nxc3 35. Rxc3 Rc8 36. Nb7 Rxb7 37. Rxa4 Rb1+ 38. Be1 Rc6 39. Rca3 Rc1 40. Ra1
Rxa1 41. Rxa1 Kf8 42. Bf2 Ke7 43. Rd1 1-0

[Event "4NCL Division Two"]
[Site "Daventry, ENG"]
[Date "2023.03.18"]
[Round "7.46"]
[White "Dargan, Paul A G"]
[Black "Zakarian, Dimitrios Levon"]
[Result "1-0"]
[WhiteElo "2148"]
[BlackElo "2098"]
[PlyCount "67"]
[EventDate "2023.03.18"]
[WhiteTeam "North East England"]
[BlackTeam "Oxford 1"]

1. e4 c5 2. Nf3 e6 3. c3 Nf6 4. e5 Nd5 5. d4 cxd4 6. cxd4 d6 7. Bc4 Nb6 8. Bd3
Be7 9. O-O Nc6 10. Nc3 Nd5 11. Qe2 O-O 12. Ne4 dxe5 13. dxe5 Ndb4 14. Bb1 Nd4
15. Nxd4 Qxd4 16. Bg5 Nc6 17. Qc2 g6 18. Bf6 Nb4 19. Qc1 Bxf6 20. exf6 Nd5 21.
Rd1 Qe5 22. Rxd5 Qxd5 23. Bc2 g5 24. Nxg5 Rd8 25. Bxh7+ Kf8 26. h4 e5 27. Ne4
Be6 28. Qg5 Ke8 29. Nc3 Qc5 30. Re1 Rac8 31. Rxe5 Qb6 32. Bf5 Rc6 33. Qg8+ Kd7
34. Qxf7+ 1-0

[Event "4NCL Division Two"]
[Site "Daventry, ENG"]
[Date "2023.03.18"]
[Round "7.47"]
[White "Hobson, Kenneth"]
[Black "Gazis, Georgios"]
[Result "1-0"]
[WhiteElo "2182"]
[BlackElo "1966"]
[PlyCount "33"]
[EventDate "2023.03.18"]
[WhiteTeam "Oxford 1"]
[BlackTeam "North East England"]

1. e4 c5 2. Nf3 Nc6 3. Bb5 d6 4. O-O Bd7 5. c3 Nf6 6. Re1 a6 7. Bxc6 Bxc6 8. d4
Bxe4 9. Bg5 Bxb1 10. Rxb1 e6 11. Bxf6 Qxf6 12. dxc5 dxc5 13. Qa4+ b5 14. Qe4
Qd8 15. Qc6+ Ke7 16. Qb7+ Ke8 17. Ne5 1-0

[Event "4NCL Division Two"]
[Site "Daventry, ENG"]
[Date "2023.03.18"]
[Round "7.48"]
[White "Salazar Eyre, Emma"]
[Black "Arora, Tashika"]
[Result "0-1"]
[WhiteElo "1697"]
[BlackElo "2012"]
[PlyCount "69"]
[EventDate "2023.03.18"]
[WhiteTeam "North East England"]
[BlackTeam "Oxford 1"]

1. e4 e5 2. Nf3 Nc6 3. Bc4 Nf6 4. d3 Bc5 5. c3 d6 6. Bb3 h6 7. h3 Qe7 8. O-O
Bb6 9. Nbd2 a6 10. Nc4 Ba7 11. Ne3 Be6 12. Re1 Qd7 13. Bxe6 fxe6 14. Nc2 O-O-O
15. Be3 Bxe3 16. Nxe3 g5 17. b4 Rdg8 18. a4 Nd8 19. c4 h5 20. Nh2 g4 21. hxg4
hxg4 22. Nhxg4 Nxg4 23. Nxg4 Qh7 24. f3 Rxg4 25. fxg4 Qh2+ 26. Kf2 Rf8+ 27. Qf3
Rxf3+ 28. Kxf3 Qf4+ 29. Ke2 Qxg4+ 30. Kf2 Nc6 31. b5 Nb4 32. Red1 Nc2 33. Rac1
Nd4 34. Re1 Qf4+ 35. Kg1 0-1

[Event "4NCL Division Two"]
[Site "Daventry, ENG"]
[Date "2023.03.18"]
[Round "7.51"]
[White "Chan, Kim Yew"]
[Black "Macklin, Paul"]
[Result "1-0"]
[WhiteElo "2382"]
[BlackElo "2361"]
[PlyCount "99"]
[EventDate "2023.03.18"]
[WhiteTeam "SchachAttack"]
[BlackTeam "Spirit of Atticus"]

1. d4 Nf6 2. c4 g6 3. g3 Bg7 4. Bg2 O-O 5. Nc3 d6 6. Nf3 Nc6 7. O-O e5 8. dxe5
dxe5 9. Bg5 h6 10. Qxd8 Rxd8 11. Bxf6 Bxf6 12. Nd5 Kg7 13. Nxc7 Rb8 14. e4 g5
15. Nd5 g4 16. Ne1 Be6 17. f3 gxf3 18. Nxf3 Be7 19. Nxe7 Nxe7 20. Nxe5 f6 21.
Nf3 Bxc4 22. Rfc1 Rbc8 23. Bh3 Rc6 24. Kf2 Ng6 25. Bf1 Be6 26. Rxc6 bxc6 27.
Ke3 Kf7 28. b3 Bg4 29. Nd2 Ke7 30. Rc1 Bd7 31. Rc5 Ne5 32. Be2 Rb8 33. Ra5 Rb7
34. Nc4 Nf7 35. Bh5 Ng5 36. h4 Ne6 37. Bg4 Ng7 38. Kf4 Be8 39. Ne3 Rc7 40. b4
Bf7 41. a3 Bg8 42. Rc5 Kd6 43. Bf5 h5 44. Bh3 Re7 45. Nf5+ Nxf5 46. Bxf5 Bf7
47. g4 hxg4 48. Kxg4 Re8 49. Ra5 Re7 50. h5 1-0

[Event "4NCL Division Two"]
[Site "Daventry, ENG"]
[Date "2023.03.18"]
[Round "7.52"]
[White "Mitchell, Martin"]
[Black "Wilks, Simon"]
[Result "1-0"]
[WhiteElo "2159"]
[BlackElo "2224"]
[PlyCount "43"]
[EventDate "2023.03.18"]
[WhiteTeam "Spirit of Atticus"]
[BlackTeam "SchachAttack"]

{[%evp 0,38,38,24,38,-16,-11,-22,8,29,31,11,21,28,21,33,24,17,28,-4,10,17,47,
39,39,39,39,74,74,66,59,51,60,-21,-21,7,20,-94,-23,-56,-56]} 1. d4 Nf6 2. c4 e6
3. Nc3 Bb4 4. Nf3 O-O 5. Bg5 c5 6. e3 cxd4 7. exd4 d5 8. Be2 dxc4 9. O-O Nc6
10. Bxc4 b6 11. Qa4 Bxc3 12. Qxc6 Bd7 13. Bxf6 gxf6 14. Qd6 Bxb2 15. Rab1 Bc3
16. Bd3 Kh8 17. Qf4 Kg7 18. Rfc1 Rc8 19. Rb3 Ba5 20. Rxc8 Bxc8 21. Bxh7 Kxh7
22. Ne5 1-0

[Event "4NCL Division Two"]
[Site "Daventry, ENG"]
[Date "2023.03.18"]
[Round "7.53"]
[White "Waller, Dan"]
[Black "Crocker, Philip J"]
[Result "1-0"]
[WhiteElo "2145"]
[BlackElo "2222"]
[PlyCount "95"]
[EventDate "2023.03.18"]
[WhiteTeam "SchachAttack"]
[BlackTeam "Spirit of Atticus"]

1. e4 e5 2. Nf3 Nc6 3. Bc4 Nf6 4. Ng5 d5 5. exd5 Na5 6. Bb5+ c6 7. dxc6 bxc6 8.
Bd3 Nd5 9. h4 h6 10. Qh5 Qf6 11. Ne4 Qe6 12. Ng5 Qf6 13. Ne4 Qe6 14. b3 g6 15.
Qd1 f5 16. Nec3 Nf4 17. Bf1 Bb7 18. g3 Nd5 19. Bg2 O-O-O 20. O-O g5 21. h5 g4
22. Nxd5 cxd5 23. d4 e4 24. Nc3 Ba6 25. Ne2 Bd6 26. Re1 Bxe2 27. Qxe2 Bc7 28.
Be3 f4 29. Bxf4 Bxf4 30. gxf4 Rhf8 31. c4 dxc4 32. Bxe4 Nc6 33. d5 Rxd5 34.
Qxc4 Rd6 35. Qxe6+ Rxe6 36. Rac1 Kc7 37. Bxc6 Rxe1+ 38. Rxe1 Kxc6 39. Re6+ Kb5
40. Rxh6 Rxf4 41. Rg6 Rf5 42. h6 Rh5 43. Kg2 Rh3 44. f3 Rxf3 45. Rxg4 Rf7 46.
Rh4 Rh7 47. Kf3 a5 48. Ke4 1-0

[Event "4NCL Division Two"]
[Site "Daventry, ENG"]
[Date "2023.03.18"]
[Round "7.54"]
[White "Jackson, Sheila"]
[Black "Zhang, Harvey Y"]
[Result "1/2-1/2"]
[WhiteElo "2139"]
[BlackElo "2138"]
[PlyCount "39"]
[EventDate "2023.03.18"]
[WhiteTeam "Spirit of Atticus"]
[BlackTeam "SchachAttack"]

1. e4 c5 2. Nc3 Nc6 3. f4 g6 4. Nf3 Bg7 5. Bb5 Nd4 6. a4 a6 7. Bc4 d6 8. h3 e6
9. O-O Ne7 10. d3 O-O 11. Nxd4 cxd4 12. Ne2 Rb8 13. a5 d5 14. Bb3 dxe4 15. dxe4
Nc6 16. Qd2 b6 17. axb6 Qxb6 18. Kh1 Rd8 19. Bc4 a5 20. e5 1/2-1/2

[Event "4NCL Division Two"]
[Site "Daventry, ENG"]
[Date "2023.03.18"]
[Round "7.55"]
[White "Alizada, Eldar"]
[Black "Ackley, Peter J E"]
[Result "1-0"]
[WhiteElo "2088"]
[BlackElo "2099"]
[PlyCount "95"]
[EventDate "2023.03.18"]
[WhiteTeam "SchachAttack"]
[BlackTeam "Spirit of Atticus"]

1. d4 d6 2. c4 e5 3. e3 Nd7 4. Nc3 g6 5. Bd3 Bg7 6. Nge2 Ngf6 7. O-O O-O 8. d5
c5 9. e4 Ne8 10. Qc2 Nc7 11. a3 b6 12. Be3 a5 13. f3 Qe7 14. Na4 Ba6 15. b4
axb4 16. axb4 cxb4 17. Nxb6 Nxb6 18. Bxb6 Rfb8 19. Be3 Bc8 20. Rxa8 Nxa8 21.
Rb1 Qb7 22. Nc1 Nc7 23. c5 dxc5 24. Bxc5 Na6 25. Bxa6 Qxa6 26. Rxb4 Rxb4 27.
Bxb4 Qb6+ 28. Qc5 Qxc5+ 29. Bxc5 Bf8 30. Nb3 Ba6 31. Bxf8 Kxf8 32. Nc5 Bb5 33.
d6 f6 34. Kf2 Kf7 35. Ke3 g5 36. g3 h5 37. f4 exf4+ 38. gxf4 Bc4 39. Kd4 Ba2
40. fxg5 fxg5 41. Ke5 g4 42. Kf5 Bc4 43. e5 Bd5 44. e6+ Ke8 45. Ke5 Bc6 46. Kf6
h4 47. d7+ Bxd7 48. exd7+ 1-0

[Event "4NCL Division Two"]
[Site "Daventry, ENG"]
[Date "2023.03.18"]
[Round "7.56"]
[White "Latham, David"]
[Black "Hng, Mei-En Emmanuelle"]
[Result "0-1"]
[WhiteElo "2047"]
[BlackElo "2104"]
[PlyCount "76"]
[EventDate "2023.03.18"]
[WhiteTeam "Spirit of Atticus"]
[BlackTeam "SchachAttack"]

1. d4 Nf6 2. Nf3 e6 3. g3 c5 4. Bg2 cxd4 5. O-O Nc6 6. Nxd4 Bc5 7. Nb3 Be7 8.
e4 O-O 9. Nc3 d6 10. Qe2 a6 11. Be3 Qc7 12. f4 Rb8 13. a4 b6 14. Qc4 Bb7 15.
Nd5 exd5 16. exd5 Rfc8 17. dxc6 d5 18. Qc3 Bxc6 19. Nd4 Bd7 20. Qxc7 Rxc7 21.
h3 Rc4 22. b3 Rc3 23. Bd2 Rcc8 24. Rfe1 Bc5 25. c3 Ne4 26. Bxe4 dxe4 27. Rxe4
Bxh3 28. Kh2 Bg4 29. Rae1 f5 30. R4e3 Bxd4 31. cxd4 Rc2 32. Rd3 Kf7 33. d5 Bf3
34. Re5 Be4 35. Rd4 Rd8 36. g4 g6 37. Re6 Rxd5 38. Rexe4 Rxd2+ 0-1

[Event "4NCL Division Two"]
[Site "Daventry, ENG"]
[Date "2023.03.18"]
[Round "7.57"]
[White "Moyse, Nigel John"]
[Black "Phillips, David A"]
[Result "0-1"]
[WhiteElo "2042"]
[BlackElo "2073"]
[PlyCount "62"]
[EventDate "2023.03.18"]
[WhiteTeam "SchachAttack"]
[BlackTeam "Spirit of Atticus"]

1. e4 d6 2. d4 Nf6 3. Nc3 g6 4. Be2 Nbd7 5. Nf3 c5 6. e5 cxd4 7. exf6 dxc3 8.
fxe7 Bxe7 9. Bh6 cxb2 10. Rb1 Qa5+ 11. Nd2 Bg5 12. Bg7 Rg8 13. Bxb2 Nc5 14. c3
Bxd2+ 15. Qxd2 Bf5 16. Qe3+ Kd7 17. Rd1 Rge8 18. Qd2 Qa6 19. c4 Rxe2+ 20. Qxe2
Re8 21. Be5 Bd3 22. Rxd3 Nxd3+ 23. Qxd3 Qa5+ 24. Kf1 Qxe5 25. Qh3+ Qe6 26. g4
Qxc4+ 27. Kg2 Qd5+ 28. f3 Re2+ 29. Kg3 Qe5+ 30. Kh4 g5+ 31. Kh5 Qf6 0-1

[Event "4NCL Division Two"]
[Site "Daventry, ENG"]
[Date "2023.03.18"]
[Round "7.58"]
[White "Doran, Chris"]
[Black "Burrows, Nick"]
[Result "0-1"]
[WhiteElo "2011"]
[BlackElo "2017"]
[PlyCount "96"]
[EventDate "2023.03.18"]
[WhiteTeam "Spirit of Atticus"]
[BlackTeam "SchachAttack"]

1. e4 d5 2. exd5 Qxd5 3. Nc3 Qd6 4. Nf3 c6 5. d4 Bg4 6. Bc4 e6 7. Be3 Nf6 8. h3
Bh5 9. g4 Bg6 10. Ne5 Nbd7 11. Nxg6 hxg6 12. Qe2 O-O-O 13. O-O-O Nb6 14. Bb3
Nbd5 15. Nxd5 exd5 16. Qf3 Qc7 17. g5 Ne4 18. c4 dxc4 19. Bxc4 Nd6 20. Bb3 Nf5
21. Kb1 Bd6 22. Rc1 Kb8 23. Rc3 Rh4 24. a3 Rdh8 25. d5 c5 26. Bc2 Nd4 27. Bxd4
Rxd4 28. Rd1 Rdh4 29. Re1 Be5 30. Rce3 Rxh3 31. Qxh3 Rxh3 32. Rxh3 a6 33. Rb3
c4 34. Rbe3 Bd4 35. R3e2 Qb6 36. Be4 c3 37. d6 Qxd6 38. Bg2 Bc5 39. b4 Qd3+ 40.
Ka2 Qc4+ 41. Ka1 Bd4 42. Rc2 Qb3 43. Be4 Qxa3+ 44. Kb1 Qxb4+ 45. Ka1 Qa5+ 46.
Kb1 Qxg5 47. f3 Qb5+ 48. Kc1 f5 0-1

[Event "4NCL Division Two"]
[Site "Daventry, ENG"]
[Date "2023.03.18"]
[Round "7.61"]
[White "Jackson, James P"]
[Black "Rendle, Thomas E"]
[Result "1/2-1/2"]
[WhiteElo "2389"]
[BlackElo "2434"]
[PlyCount "134"]
[EventDate "2023.03.18"]
[WhiteTeam "The Rookies"]
[BlackTeam "The Sharks 2"]

1. e4 e6 2. d4 d5 3. e5 c5 4. c3 Nc6 5. Nf3 Bd7 6. Be2 Nge7 7. O-O Ng6 8. g3
cxd4 9. cxd4 f6 10. exf6 Qxf6 11. Nc3 Bd6 12. Bg5 Qf5 13. Be3 h6 14. Ne1 O-O
15. f4 Qf6 16. Nf3 Nge7 17. Kg2 Be8 18. Ne5 Nf5 19. Bg1 Qd8 20. a3 Rc8 21. Na4
Nxe5 22. fxe5 Be7 23. Bd3 Bg6 24. b4 b6 25. Qe2 Qe8 26. b5 Rc7 27. Rac1 Qc8 28.
Rxc7 Qxc7 29. Ra1 Rc8 30. Bf2 Qd7 31. g4 Nh4+ 32. Bxh4 Bxd3 33. Qxd3 Bxh4 34.
Nc3 Qc7 35. Ne2 Qc2 36. Qxc2 Rxc2 37. Kf1 Bg5 38. a4 Bd2 39. h4 Rc7 40. h5 Be3
41. a5 Rc4 42. axb6 axb6 43. Ra8+ Kf7 44. Ra7+ Kg8 45. Rb7 Bxd4 46. Nxd4 Rxd4
47. Rxb6 Kf7 48. Rb7+ Kf8 49. b6 Rb4 50. Rb8+ Kf7 51. b7 Rb2 52. Ke1 Rb1+ 53.
Kd2 Rb2+ 54. Kc3 Rb1 55. Kd4 Rb5 56. Ke3 Rb3+ 57. Kf2 Rb2+ 58. Kf1 Rb1+ 59. Kf2
Rb2+ 60. Kf3 Rb3+ 61. Ke2 Rb2+ 62. Kd3 Rb3+ 63. Kc2 Rb6 64. Kd2 Rb2+ 65. Kc3
Rb1 66. Kd3 Rb3+ 67. Kd4 Rb5 1/2-1/2

[Event "4NCL Division Two"]
[Site "Daventry, ENG"]
[Date "2023.03.18"]
[Round "7.62"]
[White "Williams, Samuel G"]
[Black "Byron, Alan M"]
[Result "1/2-1/2"]
[WhiteElo "2234"]
[BlackElo "2180"]
[PlyCount "72"]
[EventDate "2023.03.18"]
[WhiteTeam "The Sharks 2"]
[BlackTeam "The Rookies"]

1. d4 Nf6 2. c4 e6 3. Nf3 d5 4. Nc3 Be7 5. Bf4 O-O 6. e3 c6 7. Qc2 Nbd7 8. h3
a6 9. Rd1 b5 10. cxd5 cxd5 11. Bd3 Bb7 12. Ne5 Rc8 13. Qb3 Nxe5 14. Bxe5 Bd6
15. Bxd6 Qxd6 16. a4 b4 17. Ne2 a5 18. O-O Ba6 19. Rc1 Ne4 20. Rfd1 Qb6 21.
Bxa6 Qxa6 22. Qd3 Qxd3 23. Rxd3 Rc4 24. Rdd1 Rfc8 25. b3 Nc3 26. Nf4 R4c6 27.
Re1 g5 28. Nd3 Ne2+ 29. Rxe2 Rxc1+ 30. Nxc1 Rxc1+ 31. Kh2 Rb1 32. Rc2 Rxb3 33.
Rc8+ Kg7 34. Rc5 h5 35. Kg3 h4+ 36. Kf3 Ra3 1/2-1/2

[Event "4NCL Division Two"]
[Site "Daventry, ENG"]
[Date "2023.03.18"]
[Round "7.63"]
[White "Burrows, Martin P"]
[Black "Dilley, Jason M"]
[Result "1/2-1/2"]
[WhiteElo "2132"]
[BlackElo "2089"]
[PlyCount "149"]
[EventDate "2023.03.18"]
[WhiteTeam "The Rookies"]
[BlackTeam "The Sharks 2"]

1. e4 d6 2. d4 Nf6 3. Nc3 Nbd7 4. Nf3 e5 5. g4 Nxg4 6. Rg1 Ngf6 7. Be3 c6 8.
Qd2 b5 9. O-O-O b4 10. dxe5 Qa5 11. exf6 bxc3 12. Qd4 gxf6 13. Bc4 cxb2+ 14.
Kb1 Ne5 15. Nxe5 fxe5 16. Qd3 Be6 17. Bxe6 fxe6 18. Bg5 h6 19. Bf6 Rh7 20. Qb3
d5 21. exd5 cxd5 22. Bxe5 Rc8 23. Rg6 Qa6 24. Qxd5 exd5 25. Rxa6 Rd7 26. f4 Rc4
27. Kxb2 h5 28. Re6+ Kd8 29. Rd3 Rb4+ 30. Rb3 Rxb3+ 31. axb3 d4 32. c3 dxc3+
33. Kxc3 a5 34. Kc4 Rb7 35. Bc3 Bb4 36. Bf6+ Kd7 37. Re3 Rc7+ 38. Kd5 Rc5+ 39.
Ke4 Ke6 40. Be5 h4 41. Rh3 Be1 42. Rd3 Rb5 43. f5+ Kf7 44. Kf4 Rb7 45. Kg5 Ra7
46. Rd1 Bf2 47. Rf1 Be3+ 48. Kxh4 Rb7 49. Bc3 Rxb3 50. Bxa5 Ra3 51. Bc7 Rc3 52.
Be5 Rc5 53. Ba1 Rc2 54. Kg3 Rd2 55. Rb1 Bd4 56. Rb7+ Kf8 57. Bxd4 Rxd4 58. h4
Rc4 59. Ra7 Rb4 60. h5 Kg8 61. h6 Rb6 62. Rg7+ Kh8 63. Rg6 Rb4 64. f6 Rb6 65.
Kh4 Kh7 66. Kh5 Rb1 67. Rg7+ Kh8 68. f7 Rh1+ 69. Kg4 Rg1+ 70. Kf3 Rf1+ 71. Ke2
Re1+ 72. Kf2 Rf1+ 73. Kg2 Rg1+ 74. Kh2 Rh1+ 75. Kxh1 1/2-1/2

[Event "4NCL Division Two"]
[Site "Daventry, ENG"]
[Date "2023.03.18"]
[Round "7.64"]
[White "Price, Gwilym"]
[Black "Okhai, Shabir"]
[Result "1/2-1/2"]
[WhiteElo "2165"]
[BlackElo "2117"]
[PlyCount "36"]
[EventDate "2023.03.18"]
[WhiteTeam "The Sharks 2"]
[BlackTeam "The Rookies"]

1. e4 e5 2. Nc3 Nf6 3. Bc4 Nxe4 4. Qh5 Nd6 5. Bb3 Be7 6. Qxe5 O-O 7. d4 Nc6 8.
Qf4 Bf6 9. Nge2 Ne7 10. O-O Ng6 11. Qg3 Nf5 12. Qd3 d6 13. Nd5 Bh4 14. g3 c6
15. Ne3 Nxe3 16. fxe3 Bf6 17. e4 Be6 18. Be3 Bxb3 1/2-1/2

[Event "4NCL Division Two"]
[Site "Daventry, ENG"]
[Date "2023.03.18"]
[Round "7.65"]
[White "Mikalajunas, Kajus"]
[Black "Varnam, Liam D"]
[Result "1/2-1/2"]
[WhiteElo "2057"]
[BlackElo "2130"]
[PlyCount "43"]
[EventDate "2023.03.18"]
[WhiteTeam "The Rookies"]
[BlackTeam "The Sharks 2"]

1. e4 e5 2. Nc3 Nf6 3. f4 d5 4. fxe5 Nxe4 5. Qf3 Nc6 6. Bb5 Nxc3 7. bxc3 Qh4+
8. g3 Qe4+ 9. Qxe4 dxe4 10. d4 exd3 11. cxd3 Bd7 12. Bf4 Nxe5 13. Bxd7+ Kxd7
14. Bxe5 Re8 15. Nf3 f6 16. d4 Bd6 17. O-O-O Ba3+ 18. Kc2 fxe5 19. Nxe5+ Kc8
20. Rhf1 Rhf8 21. Kb3 Bd6 22. Nc4 1/2-1/2

[Event "4NCL Division Two"]
[Site "Daventry, ENG"]
[Date "2023.03.18"]
[Round "7.66"]
[White "Birtwistle, Nigel"]
[Black "Gibson, Christopher A"]
[Result "1/2-1/2"]
[WhiteElo "2131"]
[BlackElo "1842"]
[PlyCount "81"]
[EventDate "2023.03.18"]
[WhiteTeam "The Sharks 2"]
[BlackTeam "The Rookies"]

1. e4 c5 2. c3 Nf6 3. e5 Nd5 4. d4 cxd4 5. Nf3 e6 6. cxd4 d6 7. Bc4 Nc6 8. O-O
Be7 9. Qe2 O-O 10. Qe4 Bd7 11. Bb3 Na5 12. Bc2 g6 13. Bh6 Re8 14. Nc3 Nxc3 15.
bxc3 Bc6 16. Qf4 Bxf3 17. Qxf3 dxe5 18. Ba4 Nc6 19. Bxc6 bxc6 20. dxe5 Qd5 21.
Qf4 Red8 22. h4 Qd3 23. h5 Rd5 24. Rab1 Rd7 25. Rb3 Qf5 26. Qxf5 exf5 27. hxg6
hxg6 28. Be3 Rd5 29. Rfb1 Bc5 30. Bf4 Bb6 31. g3 Re8 32. Kg2 Re6 33. Rc1 Kg7
34. Rb4 f6 35. exf6+ Kxf6 36. Rc2 g5 37. c4 Ra5 38. Bd2 Kg6 39. Rb3 Rae5 40.
Bc3 Re4 41. Bb4 1/2-1/2

[Event "4NCL Division Two"]
[Site "Daventry, ENG"]
[Date "2023.03.18"]
[Round "7.67"]
[White "Jaszkiwskyj, Peter"]
[Black "Milson, Samuel A"]
[Result "0-1"]
[WhiteElo "1875"]
[BlackElo "2189"]
[PlyCount "78"]
[EventDate "2023.03.18"]
[WhiteTeam "The Rookies"]
[BlackTeam "The Sharks 2"]

1. d4 d5 2. Nf3 c6 3. e3 Bg4 4. c4 e6 5. Bd3 Nd7 6. O-O Ngf6 7. Nbd2 Be7 8. Qc2
Qb8 9. b3 O-O 10. Bb2 Bd6 11. h3 Bh5 12. Ng5 h6 13. Nh7 Nxh7 14. Bxh7+ Kh8 15.
g4 f5 16. Bxf5 exf5 17. gxh5 Qe8 18. Qd1 f4 19. Re1 f3 20. Nxf3 Qxh5 21. Ne5
Qf5 22. f4 Bxe5 23. dxe5 Qxh3 24. cxd5 Qg3+ 25. Kh1 Rf5 26. Qe2 cxd5 27. Qg2
Qh4+ 28. Kg1 Nc5 29. Red1 Ne6 30. Qh2 Qg4+ 31. Qg2 Qh5 32. Rxd5 g5 33. Qh2
Qxh2+ 34. Kxh2 gxf4 35. exf4 Rg8 36. Rd3 Rh5+ 37. Rh3 Rxh3+ 38. Kxh3 Nxf4+ 39.
Kh4 h5 0-1

[Event "4NCL Division Two"]
[Site "Daventry, ENG"]
[Date "2023.03.18"]
[Round "7.68"]
[White "Kueh, Audrey"]
[Black "Pyun, Lindsay"]
[Result "1-0"]
[WhiteElo "2140"]
[BlackElo "1834"]
[PlyCount "91"]
[EventDate "2023.03.18"]
[WhiteTeam "The Sharks 2"]
[BlackTeam "The Rookies"]

1. e4 e5 2. Nf3 Nc6 3. d4 exd4 4. Bc4 Bb4+ 5. c3 dxc3 6. O-O Nf6 7. e5 Ng4 8.
Bxf7+ Kxf7 9. Ng5+ Kf8 10. Qxg4 Qe7 11. bxc3 Bc5 12. Qf3+ Ke8 13. Bf4 h6 14.
Qh5+ Kf8 15. Nd2 Nd8 16. Nde4 b6 17. Rae1 Ba6 18. Nxc5 bxc5 19. Be3 Bxf1 20.
Qf3+ Ke8 21. Qxa8 hxg5 22. Kxf1 Rxh2 23. Kg1 Rh4 24. Qxa7 Re4 25. Qxc7 Rxe5 26.
Rd1 g4 27. Qb6 Nc6 28. Qb1 Re4 29. Bxc5 Qe5 30. Bd6 Qe6 31. Bg3 Re2 32. a4 Kf7
33. Qd3 Re1+ 34. Rxe1 Qxe1+ 35. Kh2 Qe6 36. Bf4 Ke7 37. Kg3 Kf7 38. Qe3 Qc4 39.
Qd2 Ke8 40. Qc2 Kf7 41. Qf5+ Kg8 42. Qxd7 Qxc3+ 43. Kxg4 Ne5+ 44. Bxe5 Qxe5 45.
Qc8+ Kh7 46. Qf5+ 1-0